000 00763nam a2200289Ia 4500
005 20260324131801.0
008 008 260324s9999 xx 000 0 eng d
020 _a9781315821238
037 _aEBOOK
040 _aCRL
040 _beng
040 _cCRL
041 _2eng
041 _aeng
084 _qCRL
100 _aMartin Fleishman
_91186814
245 4 _aThe Casebook of a Residential Care Psychiatrist
245 0 _bPsychopharmacosocioeconomics and the Treatment of Schizophrenia in Residential Care Facilities
260 _bTaylor and Francis
260 _c2005
365 _a
365 _b170
856 _uhttp://www.taylorfrancis.com/books/9781315821238
942 _cEBOOK
999 _c1784301
_d1784301